[Event "Barcelona Sant Marti op-B 21st"]
[Site "Barcelona"]
[Date "2019.07.17"]
[Round "5"]
[White "Costa Trave, Jaume"]
[Black "Cabrera Ojeda, Roberto"]
[Result "1-0"]
[WhiteElo "1856"]
[BlackElo "1736"]
[PlyCount "53"]
[EventDate "2019.07.13"]
[EventType "swiss"]
[EventRounds "9"]
[EventCountry "ESP"]
[SourceTitle "EXT 2020"]
[Source "ChessBase"]
[SourceDate "2019.10.17"]
[SourceVersion "1"]
[SourceVersionDate "2019.10.17"]
[SourceQuality "1"]

1. f4 Nf6 2. Nf3 e6 3. e3 b6 4. d4 c5 5. c3 Be7 6. Bd3 Ba6 7. 0-0 0-0 8. Ng5 Bxd3 9. Qxd3 h6 10. Nh3 d5 11. Nd2 Qc7 12. Nf3 Nbd7 13. Ne5 Ne4 14. Bd2 c4 15. Qe2 b5 16. Be1 a5 17. Nf2 Ndf6 18. Neg4 b4 19. Nxf6+ Nxf6 20. e4 bxc3 21. Bxc3 Bb4 22. e5 Nd7 23. Ng4 Kh8 24. f5 Be7 25. f6 gxf6 26. exf6 Bd6 27. Qe3 1-0

[Event "Barcelona Sant Marti op-B 21st"]
[Site "Barcelona"]
[Date "2019.07.16"]
[Round "4"]
[White "Cabrera Ojeda, Roberto"]
[Black "Balague Orduna, Enric"]
[Result "0-1"]
[WhiteElo "1736"]
[BlackElo "1893"]
[PlyCount "116"]
[EventDate "2019.07.13"]
[EventType "swiss"]
[EventRounds "9"]
[EventCountry "ESP"]
[SourceTitle "EXT 2020"]
[Source "ChessBase"]
[SourceDate "2019.10.17"]
[SourceVersion "1"]
[SourceVersionDate "2019.10.17"]
[SourceQuality "1"]

1. e4 e5 2. Nf3 Nc6 3. Bb5 a6 4. Ba4 d6 5. c3 Bd7 6. 0-0 g6 7. d4 Bg7 8. Bg5 f6 9. Bh4 Nh6 10. dxe5 dxe5 11. Na3 Nf7 12. Qe2 0-0 13. Rad1 Qe7 14. Rd2 Rfd8 15. Rfd1 b5 16. Bb3 Kf8 17. Bd5 Rab8 18. Nc2 Na5 19. b4 Nb7 20. Ne3 c6 21. Bb3 Nfd6 22. Nxe5 Be8 23. Nf3 Nxe4 24. Rxd8 Rxd8 25. Rxd8 Nxd8 26. Qd3 Nf7 27. Nd4 Bd7 28. f3 Ned6 29. a4 Qe8 30. Bg3 Ne5 31. Qe2 Bh6 32. Ng4 Bg7 33. Nxe5 fxe5 34. axb5 axb5 35. Nc2 Nf5 36. Bf2 Be6 37. Bc5+ Kf7 38. Bxe6+ Qxe6 39. Ne3 Nd6 40. Qd3 Nb7 41. Bb6 Qd6 42. Qxd6 Nxd6 43. Bc5 Ke6 44. Bxd6 Kxd6 45. Kf2 e4 46. fxe4 Bxc3 47. Nc2 c5 48. bxc5+ Kxc5 49. Ke2 b4 50. Kd3 h5 51. Ne3 Be5 52. h3 b3 53. Nc4 b2 54. Nd2 Kb4 55. Kc2 Kb5 56. Nb1 Kc4 57. Nd2+ Kd4 58. Kxb2 Kd3+ 0-1

[Event "Badalona op-A 10th"]
[Site "Barcelona"]
[Date "2002.04.28"]
[Round "2"]
[White "Cabrera Ojeda, Roberto"]
[Black "Fernandez Madrid, Carlos"]
[Result "0-1"]
[WhiteElo "2010"]
[BlackElo "2175"]
[PlyCount "86"]
[EventDate "2002.04.21"]
[EventType "swiss"]
[EventRounds "9"]
[EventCountry "ESP"]
[SourceTitle "CBM 088 Extra"]
[Source "ChessBase"]
[SourceDate "2002.07.01"]
[SourceVersion "2"]
[SourceVersionDate "2002.07.01"]
[SourceQuality "1"]

1. e4 d6 2. d4 g6 3. c4 Bg7 4. Nc3 Nc6 5. Be3 e5 6. d5 Nce7 7. Qd2 f5 8. f3 a6 9. g3 Nf6 10. Bg2 0-0 11. h3 Bd7 12. Nge2 b5 13. c5 b4 14. Nd1 Bb5 15. Nf2 Bxe2 16. Qxe2 Nh5 17. Qc2 Nxg3 18. Rh2 a5 19. Nh1 Nh5 20. 0-0-0 a4 21. Qc4 Qb8 22. h4 Ra5 23. Bf1 fxe4 24. fxe4 Nf4 25. Nf2 Bh6 26. Kb1 a3 27. b3 Kh8 28. Ng4 Bg7 29. Rc2 Nc8 30. Rdc1 h5 31. Nf2 Rf7 32. Nh3 Bh6 33. Ng5 Bxg5 34. hxg5 Na7 35. cxd6 cxd6 36. Bxa7 Raxa7 37. Qc8+ Qxc8 38. Rxc8+ Kg7 39. Rd8 Rfd7 40. Rcc8 Rxd8 41. Rxd8 h4 42. Rc8 Rf7 43. Rc2 Nxd5 0-1